| 000 | 01215nab a22002297a 4500 | ||
|---|---|---|---|
| 999 |
_c6234 _d6234 |
||
| 003 | OSt | ||
| 005 | 20260126041529.0 | ||
| 008 | 190514b xxu||||| |||| 00| 0 spa d | ||
| 040 | _cPJ | ||
| 100 |
_95888 _aDelgado Solis, Elba Érika |
||
| 245 | 1 | 0 |
_aViolencia, enfoque de género y nulidad en procesos patrimoniales : _cuna tríade que protege derechos en el marco de una unión convivencial / _bErika Delgado Solís. |
| 300 | _ap. 162-171 | ||
| 500 | _aCita: TR LALEY AR/DOC/2675/2024. | ||
| 505 | _aSumario: I. A modo de introducción.— II. Análisis del caso.— III. La cuestión de competencia: el tiempo trascurrido y el acceso a justicia.— IV. Estructura de la sentencia y su lenguaje.— V. A modo de conclusión. | ||
| 505 | _tFallo comentado: JFamilia 2a Nom., Córdoba ~ 03/04/2024 ~ O., G. C. c. P. R., P. A. s/ ordinario - otros. | ||
| 650 | 0 |
_9967 _aDERECHO DE FAMILIA |
|
| 650 | 0 |
_93053 _aVIOLENCIA DE GÉNERO |
|
| 650 | 0 |
_91053 _aUNIONES CONVIVENCIALES |
|
| 650 | 0 |
_91057 _aJURISPRUDENCIA APLICABLE |
|
| 773 | 0 |
_02844 _93222 _dBuenos Aires : AbeledoPerrot, 1989- _tDerecho de familia. Revista Interdisciplinaria de doctrina y jurisprudencia. Diciembre 2024-VI. _z18511201 |
|
| 942 |
_2udc _cANA |
||